Thi công lắp ghép dân dụng và công nghiệp

Gespeichert in:
Bibliographische Detailangaben
1. Verfasser:  Lê, Văn Kiểm
Format: Sách
Sprache:Undetermined
Veröffentlicht:  Đại học quốc gia Tp. Hồ Chí Minh  2012
Schlagworte:
Tags: Tag hinzufügen
Keine Tags, Fügen Sie den ersten Tag hinzu!
Thư viện lưu trữ: Trung tâm Thư viện - Trường Đại học Công nghiệp TP. Hồ Chí Minh
LEADER 00589nam a2200157Ia 4500
001 UIH_03062
008 231011s9999 xx 000 0 und d
082 |a  690 
100 |a  Lê, Văn Kiểm 
245 0 |a  Thi công lắp ghép dân dụng và công nghiệp 
245 0 |c  Lê, Văn Kiểm 
260 |b  Đại học quốc gia Tp. Hồ Chí Minh 
260 |c  2012 
650 |a  Xây dựng; Nhà công nghiệp; Nhà lắp ghép;  
927 |a Sách 
980 |a Trung tâm Thư viện - Trường Đại học Công nghiệp TP. Hồ Chí Minh